Statistieken voor Top 15 Covid-19 getroffen landen - 22 september 2021

Klik hier om de quiz te nemen!

Algemene statistieken

  • Deze quiz is 7 keer genomen
  • De gemiddelde score is 13 van 26

Antwoordstatistieken

land% Correct
Frankrijk
100%
Nederland
100%
Spanje
100%
Verenigde Staten
100%
Argentinië
80%
Brazilië
80%
India
80%
Italië
80%
Mexico
80%
Duitsland
60%
Rusland
60%
Verenigd Koninkrijk
60%
Colombia
40%
Slovenië
40%
Tsjechië
40%
Zweden
40%
Estland
20%
Indonesië
20%
Iran
20%
Israël
20%
Litouwen
20%
Turkije
20%
Uruguay
20%
Bahrein
0%
Georgië
0%
Panama
0%

Scoreverdeling

Percentiel versus Aantal Correcte Antwoorden

Procent van Mensen met Elke Score

Uw Scoregeschiedenis

U heeft deze quiz nog niet genomen